10+ Matches European Championship - Statistics

General Stats
  • This quiz has been taken 43 times
  • The average score is 56 of 112
Answer Stats
🏳️ #️⃣ % Correct
25 Cristiano Ronaldo
100%
16 Andrés Iniesta
92%
13 Fernando Torres
92%
14 Iker Casillas
92%
15 Manuel Neuer
92%
19 Pepe
92%
14 Philipp Lahm
92%
11 Xavi
92%
13 Zlatan Ibrahimović
92%
14 Sergio Busquets
88%
15 Sergio Ramos
88%
10 Gareth Bale
85%
17 Gianluigi Buffon
85%
14 Luís Figo
85%
13 Luka Modrić
85%
15 Thomas Müller
85%
11 Antoine Griezmann
81%
15 Hugo Lloris
81%
12 Pavel Nedvěd
81%
11 Thierry Henry
81%
14 Zinédine Zidane
81%
12 Daniele De Rossi
77%
10 Gerard Piqué
77%
13 Paolo Maldini
77%
11 Andrea Pirlo
73%
17 Giorgio Chiellini
73%
10 Jérôme Boateng
73%
18 Leonardo Bonucci
73%
14 Toni Kroos
73%
18 Bastian Schweinsteiger
69%
14 Petr Čech
69%
10 Romelu Lukaku
69%
12 Rui Costa
69%
10 Ivan Perišić
65%
11 Olivier Giroud
65%
13 Peter Schmeichel
65%
16 Cesc Fàbregas
62%
15 David Silva
62%
10 Ivan Rakitić
62%
13 Mats Hummels
62%
11 Robert Lewandowski
62%
10 Wayne Rooney
62%
12 Xabi Alonso
62%
10 Henrik Larsson
58%
13 Mario Gómez
58%
11 Michael Ballack
58%
11 Paul Pogba
58%
11 Ricardo Carvalho
58%
16 Rui Patrício
58%
11 Sebastian Larsson
58%
13 Alessandro Del Piero
54%
16 Edwin Van Der Sar
54%
11 Harry Kane
54%
16 Jordi Alba
54%
10 Michael Laudrup
54%
13 Miroslav Klose
54%
15 Nani
54%
19 João Moutinho
50%
16 Lilian Thuram
50%
10 Milan Baroš
50%
10 Thibaut Courtois
50%
12 Darijo Srna
46%
11 Lothar Matthäus
46%
10 Sami Khedira
46%
10 Tomáš Rosický
46%
10 Álvaro Morata
42%
13 Didier Deschamps
42%
13 Jürgen Klinsmann
42%
10 Karim Benzema
42%
12 Lukas Podolski
42%
11 Mesut Özil
42%
10 Clarence Seedorf
38%
13 Dennis Bergkamp
38%
10 Jan Koller
38%
10 Raheem Sterling
38%
12 Bixente Lizarazu
35%
12 Edgar Davids
35%
12 Marcel Desailly
35%
13 Antonio Cassano
31%
11 Gianluca Zambrotta
31%
10 Giorgios Karagounis
31%
14 Karel Poborský
31%
10 Patrice Evra
31%
10 Andrea Barzagli
27%
12 Andreas Brehme
27%
10 Joe Allen
27%
10 Youri Djorkaeff
27%
10 Freddie Ljungberg
23%
11 Giovanni Van Bronckhorst
23%
13 Laurent Blanc
23%
13 Thomas Häßler
23%
11 Vladimír Šmicer
23%
13 Andreas Isaksson
19%
11 Andrey Yarmolenko
19%
10 Costinha
19%
10 Jürgen Kohler
19%
14 Nuno Gomes
19%
13 Olof Mellberg
19%
10 Ricardo
19%
11 Gary Neville
15%
10 Matthias Sammer
15%
13 Phillip Cocu
15%
10 Renato Sanches
15%
11 Vedran Ćorluka
12%
12 Fernando Couto
8%
12 Kim Källström
8%
10 Michael Reiziger
8%
10 Sergey Ignashevich
8%
10 Gordillo
0%
11 Jaroslav Plašil
0%
10 John Sivebæk
0%
13 Kostas Katsouranis
0%
No matching quizzes found
Score Distribution
Percent of People with Each Score
Percentile by Number Answered
Your Score History
You have not taken this quiz